00969nab a2200241 uc4500001000800000005001700008008004100025035001200066040001300078041000800091100004700099245022500146260001000371650002400381650001200405650001100417700003800428700005100466700003000517700003100547700003200578773011700610142510220240202123333.0151023s2012 spa  a1425102 ccomduadb aspa10aSalgado Ramirez, Diana Constanza4auteaut10aResultados del cribado de la sintomatología del deterioro cognitivo leve (DCL) mediante el test Minimental (MMSE) de Folstein y su relación con otros test del manual de apoyo para el diagnóstico de demencias (MADD) c2012. aDeterioro cognitivo aCribado aOlvido10aPaolo Londoño, León4auteaut10aJaramillo Campillo, Eduardo Adrián4auteaut10aRuiz, Carlos E.4auteaut10aBonilla, Mary J.4auteaut10aRicardo, Katia S.4auteaut0 tPensando Psicología (Medellín)gVolumen 08, Número 14, Enero-Junio 2012, 82-92w1394196x1900-30990697556